Quotative indexes in African languages : a synchronic and diachronic survey (Record no. 48965)

MARC details
000 -LEADER
fixed length control field 00781nam a2200229Ia 4500
008 - FIXED-LENGTH DATA ELEMENTS--GENERAL INFORMATION
fixed length control field 191130s2008##################000#0#eng##
020 ## - INTERNATIONAL STANDARD BOOK NUMBER
International Standard Book Number 9783110185904
022 ## - INTERNATIONAL STANDARD SERIAL NUMBER
International Standard Serial Number 2008031309
040 ## - CATALOGING SOURCE
Original cataloging agency ACL
Transcribing agency ACL
082 ## - DEWEY DECIMAL CLASSIFICATION NUMBER
Classification number 496 GUL
100 ## - MAIN ENTRY--PERSONAL NAME
Personal name Güldemann, Tom
245 ## - TITLE STATEMENT
Title Quotative indexes in African languages : a synchronic and diachronic survey
Statement of responsibility, etc. by Tom Güldemann
260 ## - PUBLICATION, DISTRIBUTION, ETC.
Place of publication, distribution, etc. Berlin ; New York
Name of publisher, distributor, etc. Mouton de Gruyter
Date of publication, distribution, etc. 2008
300 ## - PHYSICAL DESCRIPTION
Extent xxi, 686 p. : ill. ; 24 cm
500 ## - GENERAL NOTE
General note Includes bibliographical references (p. [612]-654) and index
650 ## - SUBJECT ADDED ENTRY--TOPICAL TERM
Topical term or geographic name entry element African languages - Classification
Topical term or geographic name entry element African languages - Discourse analysis
Topical term or geographic name entry element African languages - Indexes
990 ## - EQUIVALENCES OR CROSS-REFERENCES [LOCAL, CANADA]
Link information for 9XX fields 9344f501ac10000c198f2c6e15108498
991 ## -
-- 416644
Holdings
Withdrawn status Lost status Materials specified (bound volume or other part) Damaged status Not for loan Home library Current library Date acquired Total Checkouts Full call number Barcode Date last seen Price effective from Koha item type
    hbk     Anna Centenary Library Anna Centenary Library 09.10.2020   496 GUL 388210 09.10.2020 09.10.2020 English Books

Find us on the map